El mundo de la televisión
Guardat en:
| Autor principal: | |
|---|---|
| Format: | Llibre |
| Idioma: | espanyol |
| Publicat: |
Madrid
Guadarrama
1971
|
| Col·lecció: | Colección Universitaria de Bolsillo Punto Omega, 125
|
| Matèries: | |
| Etiquetes: |
Afegir etiqueta
Sense etiquetes, Sigues el primer a etiquetar aquest registre!
|
MARC
| LEADER | 00000nam a2200000 a 4500 | ||
|---|---|---|---|
| 001 | UCP8409 | ||
| 003 | CL-VaPUC | ||
| 008 | 000114e19710000SP |||||||||||||||||spa|d | ||
| 082 | 0 | 4 | |a 384.55 |b ARI |2 21 |
| 100 | 0 | |a Arias Ruiz, Anibal |e author |9 438352 | |
| 245 | 1 | 3 | |a El mundo de la televisión |
| 300 | |a 399 p | ||
| 942 | |c BK | ||
| 945 | |d 20000114 00:00:00 |a rbrito | ||
| 260 | |a Madrid |b Guadarrama |c 1971 | ||
| 650 | 0 | |a Televisión |9 256845 | |
| 650 | 0 | |a Medios de comunicación de masas |9 257273 | |
| 650 | 7 | |a EDUCACION POR TELEVISION |2 CL-VaPUC |9 438353 | |
| 650 | 7 | |a TELEVISION EDUCATIVA |2 CL-VaPUC |9 310717 | |
| 583 | |a last modification |c 20000114 00:00:00 |k Rodrigo Vera | ||
| 490 | 0 | |a Colección Universitaria de Bolsillo Punto Omega, 125 | |
| 999 | |c 285309 |d 285307 | ||
| 952 | |0 0 |1 0 |4 0 |6 384_550000000000000_ARI_1971 |7 0 |8 A |9 329826 |a BIBCUR |b BIBCUR |d 2019-11-20 |i 3590941 |o 384.55 ARI 1971 |p 3590941 |r 2025-04-22 |w 2019-11-20 |y BK |k PER | ||